000 00388nam a2200145Ia 4500
008 221030s9999 xx 000 0 und d
020 _a8131760925
041 _aEnglish
100 _aS. K. Singh
245 0 _aDatabase Systems - Concepts, Design & Applications
_cby S. K. Singh
260 _bPearson Edcuation
_aNew Delhi
_c2013
300 _a912
650 _aBE Computer
942 _cBK
999 _c15331
_d15331